00831cam a22002411 4500001001300000003000400013005001700017008004100034010001700075035002000092040004600112050003000158082001200188100003300200245003300233260004400266300005200310490007500362500004800437500004300485650004400528999001700572e 43000111 DLC20260227111231.0881109s1943 kyuab s000 0 eng c ae 43000111  a(OCoLC)18726601 aU.S. Off. of Educ. LibrarycMsUdMsUdDLC00aL152b.B35 vol. 11, no. 3 a371.9741 aTaylor, Lewis Nelson,d1873-10aNegro education in Kentucky. a[Frankfort]bDept. of Educationc[1943] a[131]-195 p. incl. illus. (map) tables.c23 cm.0 aKentucky. Dept. of Education. Educational bulletin ...vvol. XI, no. 3 aAt head of title: Commonwealth of Kentucky. aPrepared by L.N. Taylor. cf. Foreword. 0aAfrican AmericansxEducationzKentucky. c21930d21930